[Event "Bunratty Open"]
[Site "Bunratty IRL"]
[Date "2012.02.18"]
[Round "2"]
[White "Fitzsimons, David"]
[Black "Collins, Sam E."]
[Result "0-1"]
[BlackTitle "IM"]
[WhiteElo "2260"]
[BlackElo "2426"]
[WhiteFideId "2501961"]
[BlackFideId "2501198"]
[EventDate "2012.02.17"]

1. e4 e5 2. Nf3 Nc6 3. Bb5 a6 4. Ba4 Nf6 5. d3 b5 6. Bb3 Be7 7. O-O d6 8. a4 Bd7
9. c3 O-O 10. Nbd2 Na5 11. Bc2 c5 12. Re1 Qb6 13. Nf1 b4 14. Ne3 Rfe8 15. h3 Bf8
16. Nh2 bxc3 17. bxc3 c4 18. dxc4 Rac8 19. Nd5 Nxd5 20. cxd5 Rxc3 21. Bd2 Rcc8
22. Rb1 Qd8 23. Nf1 Nc4 24. Bc1 Be7 25. Ne3 Bg5 26. Nxc4 Rxc4 27. Ba3 Rd4 28.
Qf3 Qc7 29. Bb3 Bxa4 30. Bb2 Rb4 31. Bxa4 Rxa4 32. Qb3 Ra5 33. Bc3 Rb5 34. Qa3
Rxb1 35. Rxb1 Rc8 36. Bb4 Qb6 37. Rf1 Be7 38. Bd2 Rc4 39. Be3 Qb5 40. Ra1 Rxe4
41. Qxa6 Qxa6 42. Rxa6 f5 43. Ra7 Kf8 44. Ra8+ Kf7 45. Ra7 f4 46. Bb6 Re1+ 47.
Kh2 Kf6 48. f3 Rb1 49. Bf2 g5 50. h4 h6 51. Ra5 Kf5 52. Ra7 Kf6 53. Ra5 Rd1 54.
hxg5+ hxg5 55. g3 Rd2 56. Kg1 fxg3 57. Bxg3 Kf5 58. Be1 Rd3 59. Kg2 e4 60. fxe4+
Kxe4 61. Ra8 Bf6 62. Bg3 Be5 63. Bxe5 Kxe5 64. Rg8 Kf4 65. Rf8+ Kg4 66. Ra8 Rd2+
67. Kf1 Rxd5 68. Kf2 Rf5+ 69. Ke3 Kg3 70. Ke4 Re5+ 71. Kd4 g4 72. Rd8 Re6 0-1

[Event "Bunratty Open"]
[Site "Bunratty IRL"]
[Date "2012.02.18"]
[Round "2"]
[White "Williams, Simon K"]
[Black "Healy, Tom"]
[Result "1-0"]
[WhiteTitle "GM"]
[WhiteElo "2504"]
[BlackElo "1983"]
[WhiteFideId "404454"]
[BlackFideId "2501635"]
[EventDate "2012.02.17"]

1. d4 Nf6 2. c4 g6 3. Nc3 Bg7 4. e4 d6 5. f4 O-O 6. Nf3 c5 7. d5 Bg4 8. Be2 a6
9. a4 Qc7 10. O-O Nbd7 11. Ng5 Bxe2 12. Qxe2 h6 13. Nf3 Nh7 14. Bd2 Rae8 15. Qf2
Qd8 16. Qg3 Kh8 17. Qh3 Rg8 18. Kh1 Qc8 19. Qh4 h5 20. Rae1 Bf6 21. Qf2 Qc7 22.
e5 dxe5 23. fxe5 Bg7 24. e6 fxe6 25. dxe6 Ndf6 26. Ne5 Nf8 27. Bf4 Qc8 28. Qc2
Kh7 29. Nf7 Qc6 30. Re5 Bh8 31. Nd5 1-0

[Event "Bunratty Open"]
[Site "Bunratty IRL"]
[Date "2012.02.18"]
[Round "2"]
[White "Trent, Lawrence"]
[Black "Regan, Natasha K"]
[Result "1-0"]
[WhiteTitle "IM"]
[BlackTitle "WIM"]
[WhiteElo "2433"]
[BlackElo "2096"]
[WhiteFideId "408638"]
[BlackFideId "403067"]
[EventDate "2012.02.17"]

1. d4 Nf6 2. Bg5 e6 3. Nd2 h6 4. Bh4 c5 5. e3 Nc6 6. c3 b6 7. Ngf3 Bb7 8. Bd3
Be7 9. Bxf6 Bxf6 10. O-O O-O 11. Qe2 d6 12. a3 a6 13. b4 g6 14. Rab1 cxd4 15.
cxd4 b5 16. Rfc1 Rb8 17. Nb3 Bg7 18. h4 Ne7 19. Na5 Ba8 20. e4 Qb6 21. Qe3 Rbc8
22. Nb3 Nc6 23. Rd1 e5 24. d5 Qxe3 25. fxe3 Ne7 26. Rbc1 f5 27. h5 gxh5 28. Bb1
Rxc1 29. Nxc1 Rc8 30. Ne2 a5 31. bxa5 fxe4 32. Bxe4 Rc5 33. a6 Bf8 34. Rc1 Rxc1+
35. Nxc1 Nxd5 36. Nd3 Kf7 37. a7 Nb6 38. Bxa8 Nxa8 39. Nb4 1-0

[Event "Bunratty Open"]
[Site "Bunratty IRL"]
[Date "2012.02.18"]
[Round "2"]
[White "Short, Philip M"]
[Black "Benson, Oisin P."]
[Result "1-0"]
[WhiteTitle "FM"]
[WhiteElo "2282"]
[BlackElo "2005"]
[WhiteFideId "2500086"]
[BlackFideId "2501821"]
[EventDate "2012.02.17"]

1. d4 Nf6 2. c4 g6 3. g3 Bg7 4. Bg2 O-O 5. e4 d6 6. Ne2 e5 7. d5 Nbd7 8. Nbc3 a5
9. O-O Nc5 10. Bg5 h6 11. Be3 Nfd7 12. Qd2 Kh7 13. f4 f5 14. exf5 gxf5 15. Rae1
Qe7 16. Nc1 e4 17. Nb5 Nf6 18. h3 Rd8 19. Nd4 Bd7 20. Ndb3 Na4 21. Bd4 c5 22.
dxc6 bxc6 23. Nxa5 c5 24. Bf2 Nxb2 25. Ncb3 Ne8 26. g4 Na4 27. Qc2 Bc3 28. Bxe4
Bxa5 29. Bxf5+ Bxf5 30. Qxf5+ Kh8 31. Rxe7 1-0

[Event "Bunratty Open"]
[Site "Bunratty IRL"]
[Date "2012.02.18"]
[Round "2"]
[White "O'driscoll, Kieran"]
[Black "Orr, Mark J L"]
[Result "0-1"]
[BlackTitle "IM"]
[WhiteElo "2104"]
[BlackElo "2260"]
[WhiteFideId "2501899"]
[BlackFideId "2500035"]
[EventDate "2012.02.17"]

1. d4 Nf6 2. c4 c5 3. d5 e6 4. Nc3 exd5 5. cxd5 d6 6. e4 g6 7. Bd3 a6 8. a4 Bg7
9. Nge2 O-O 10. O-O Nbd7 11. f4 c4 12. Bxc4 Qb6+ 13. Kh1 Ng4 14. Qe1 Ne3 15.
Bxe3 Qxe3 16. Ng3 Qxe1 17. Raxe1 Nc5 18. a5 b5 19. axb6 Rb8 20. h3 Rxb6 21. Re2
Rb4 22. Ba2 a5 23. Rd1 Ba6 24. Rc2 Rfb8 25. e5 Rxf4 26. exd6 Rfb4 27. Nce2 Nd7
28. Rc7 Rd8 29. Rdc1 Be5 30. R1c6 Nb6 31. Ra7 Bxe2 32. Nxe2 Rxb2 33. Nc1 Bxd6
34. Rxa5 Nc8 35. Kg1 Ne7 36. Rc4 Nf5 37. Nd3 Rd2 38. Nf2 Bg3 0-1

[Event "Bunratty Open"]
[Site "Bunratty IRL"]
[Date "2012.02.17"]
[Round "2"]
[White "Osborne, Sam"]
[Black "Moran, Stephen"]
[Result "0-1"]
[WhiteElo "2076"]
[BlackElo "2016"]
[WhiteFideId "2501791"]
[BlackFideId "2501872"]
[EventDate "2012.02.17"]

1. e4 e6 2. d3 d5 3. Qe2 Nf6 4. e5 Nfd7 5. f4 c5 6. Nf3 Nc6 7. g3 Be7 8. Bg2 b5
9. O-O a5 10. a4 b4 11. c4 bxc3 12. bxc3 g6 13. c4 Nb6 14. Rd1 Ba6 15. Nc3 Nb4
16. Nb5 O-O 17. Bb2 Qc8 18. Rd2 Rd8 19. g4 Rb8 20. cxd5 N4xd5 21. Nd6 Qd7 22.
Qe4 Nc8 23. g5 Rb4 0-1

[Event "Bunratty Open"]
[Site "Bunratty IRL"]
[Date "2012.02.18"]
[Round "2"]
[White "Maroroa, Sue"]
[Black "Quinn, Rory"]
[Result "1-0"]
[WhiteTitle "WIM"]
[WhiteElo "2020"]
[BlackElo "2074"]
[WhiteFideId "4301498"]
[BlackFideId "2501643"]
[EventDate "2012.02.17"]

1. e4 Nc6 2. Nf3 e5 3. Bc4 Nf6 4. d3 Be7 5. Nc3 O-O 6. a3 d6 7. h3 Kh8 8. Ng5
Qe8 9. Be3 h6 10. Nf3 Ng8 11. g4 Be6 12. Nd5 Qd7 13. g5 f5 14. Nh4 f4 15. Bd2
Kh7 16. Nxe7 Ngxe7 17. gxh6 g5 18. Nf3 Bxc4 19. dxc4 Rg8 20. Bc3 Qe6 21. Qe2 g4
22. hxg4 Rxg4 23. O-O-O Rag8 24. Kb1 R8g6 25. Rh5 Ng8 26. c5 Nf6 27. Rhh1 dxc5
28. Nh4 Rg8 29. f3 R4g5 30. Qb5 b6 31. Nf5 Nd4 32. Bxd4 cxd4 33. Qa6 Rg2 34. Rc1
Nd5 35. Ng7 Qc6 36. exd5 Qxd5 37. Qd3+ Kh8 38. Qf5 Re2 39. h7 Rd8 40. Ne6 1-0

[Event "Bunratty Open"]
[Site "Bunratty IRL"]
[Date "2012.02.18"]
[Round "2"]
[White "Moynihan, Kieran"]
[Black "De Jonge, Henk"]
[Result "1/2-1/2"]
[WhiteElo "2167"]
[BlackElo "1990"]
[WhiteFideId "2500663"]
[BlackFideId "2502062"]
[EventDate "2012.02.17"]

1. d4 Nf6 2. c4 g6 3. Nc3 Bg7 4. e4 d6 5. f3 O-O 6. Nge2 Nc6 7. Be3 e5 8. d5 Ne7
9. g4 c6 10. Qd2 b5 11. g5 Ne8 12. Ng3 b4 13. Nd1 c5 14. h4 f6 15. gxf6 Nxf6 16.
Nf2 Qe8 17. Bh3 Nd7 18. Be6+ Kh8 19. Qe2 Nf6 20. Bxc8 Nxc8 21. Nh3 h6 22. O-O-O
a5 23. Kb1 Nb6 24. Rhg1 Rg8 25. Rc1 Qd7 26. Qh2 Bf8 27. Nf2 Re8 28. h5 g5 29.
Nf5 1/2-1/2

[Event "Bunratty Open"]
[Site "Bunratty IRL"]
[Date "2012.02.18"]
[Round "2"]
[White "Fox, Anthony"]
[Black "Magee, Ronan"]
[Result "1/2-1/2"]
[WhiteElo "2077"]
[BlackElo "1948"]
[WhiteFideId "2500736"]
[BlackFideId "2503000"]
[EventDate "2012.02.17"]

1. e4 c5 2. Nc3 d6 3. f4 g6 4. Nf3 Bg7 5. Bb5+ Bd7 6. Bc4 e6 7. O-O Ne7 8. d3
Nbc6 9. a4 O-O 10. Qe1 Nd4 11. Nxd4 cxd4 12. Ne2 d5 13. Bb3 dxe4 14. dxe4 Bc6
15. Ng3 d3 16. Kh1 dxc2 17. Bxc2 h5 18. Ra3 Rc8 19. b4 b6 20. Bb1 Qd4 21. Ne2
Qd7 22. b5 Ba8 23. Qb4 Qc7 24. Be3 Qc4 25. Qxc4 Rxc4 26. Bd3 Rcc8 27. a5 f5 28.
e5 Nd5 29. Bd2 Rfe8 30. Nd4 Bf8 31. Raa1 Bc5 32. Nf3 Ne3 1/2-1/2

[Event "Bunratty Open"]
[Site "Bunratty IRL"]
[Date "2012.02.18"]
[Round "2"]
[White "Doyle, Hugh"]
[Black "O'Connor, Jonathan"]
[Result "0-1"]
[WhiteElo "1910"]
[BlackElo "2116"]
[WhiteFideId "2500876"]
[BlackFideId "2501112"]
[EventDate "2012.02.17"]

1. c4 c5 2. g3 g6 3. Bg2 Bg7 4. Nc3 Nc6 5. Nf3 e6 6. d3 Nge7 7. O-O d5 8. Bg5 h6
9. cxd5 exd5 10. Bxe7 Nxe7 11. d4 c4 12. b3 Qa5 13. Rc1 O-O 14. bxc4 dxc4 15.
Qa4 Qxa4 16. Nxa4 Rb8 17. e3 b6 18. Ne5 Bxe5 19. dxe5 Be6 20. Rfd1 Rfc8 21. Nc3
b5 22. Ne4 Kf8 23. Kf1 b4 24. Ke1 c3 25. Nf6 Rb5 26. Nd7+ Kg7 27. Rc2 Bxa2 28.
Rxa2 b3 29. Rxa7 c2 30. Be4 cxd1=Q+ 31. Kxd1 b2 0-1

[Event "Bunratty Open"]
[Site "Bunratty IRL"]
[Date "2012.02.18"]
[Round "2"]
[White "Cafolla, Peter"]
[Black "Mc Morrow, John"]
[Result "1-0"]
[WhiteElo "2021"]
[BlackElo "2028"]
[WhiteFideId "2500884"]
[BlackFideId "2501481"]
[EventDate "2012.02.17"]

1. d4 d5 2. c4 e6 3. Nc3 Nf6 4. cxd5 exd5 5. Bg5 Be7 6. Qc2 Nc6 7. e3 g6 8. a3
Bf5 9. Bd3 Bxd3 10. Qxd3 Qd7 11. b4 Rd8 12. Nf3 Qg4 13. h3 Qe6 14. Bh6 Bf8 15.
Nb5 Rd7 16. Bf4 Qe7 17. O-O Bg7 18. Rac1 a6 19. Nc3 Ne4 20. b5 axb5 21. Qxb5 Nd6
22. Bxd6 Qxd6 23. Qxb7 Nd8 24. Qb4 Qxb4 25. axb4 O-O 26. Na4 c6 27. Nc5 Rc7 28.
Ra1 Ne6 29. Ra5 Re7 30. Ra6 Rc8 31. Rc1 Rec7 32. Nxe6 fxe6 33. Ng5 e5 34. Ne6
Re7 35. Nxg7 Kxg7 36. dxe5 Rec7 37. Kf1 Kf7 38. Ke2 Ke6 39. Kd3 Kd7 40. e4 dxe4+
41. Kxe4 Rb7 42. Rd1+ Ke7 43. Rd4 Rb5 44. Ra7+ Ke8 45. Rxh7 Rcb8 46. Rh8+ Ke7
47. Rxb8 Rxb8 48. f4 Rb7 49. g4 Rb8 50. f5 gxf5+ 51. gxf5 Rh8 52. f6+ Ke8 53.
Kf5 Rxh3 54. Ke6 Rh6 55. Rc4 1-0

[Event "Bunratty Open"]
[Site "Bunratty IRL"]
[Date "2012.02.18"]
[Round "3"]
[White "Istratescu, Andrei"]
[Black "Galego, Luis"]
[Result "1-0"]
[WhiteTitle "GM"]
[BlackTitle "GM"]
[WhiteElo "2628"]
[BlackElo "2481"]
[WhiteFideId "1200372"]
[BlackFideId "1900072"]
[EventDate "2012.02.17"]

1. d4 d6 2. Nf3 Bg4 3. c4 Bxf3 4. exf3 g6 5. Nc3 Bg7 6. Be3 Nf6 7. g4 c6 8. h4
h5 9. g5 Nfd7 10. f4 Qa5 11. Qd2 d5 12. cxd5 cxd5 13. f5 gxf5 14. b4 Qd8 15.
Nxd5 Nb6 16. Nf4 Nc6 17. Rd1 Nxd4 18. Bxd4 Qxd4 19. Qxd4 Bxd4 20. Rxd4 e5 21.
Bb5+ Kf8 22. Rd5 exf4 23. Rxf5 Kg7 24. O-O Rad8 25. Rc1 Rd5 26. Rc5 Rxf5 27.
Rxf5 Rd8 28. Be2 Rd5 29. Rxf4 Nd7 30. Bxh5 f6 31. Be8 1-0

[Event "Bunratty Open"]
[Site "Bunratty IRL"]
[Date "2012.02.18"]
[Round "3"]
[White "Collins, Sam E."]
[Black "Williams, Simon K"]
[Result "0-1"]
[WhiteTitle "IM"]
[BlackTitle "GM"]
[WhiteElo "2426"]
[BlackElo "2504"]
[WhiteFideId "2501198"]
[BlackFideId "404454"]
[EventDate "2012.02.17"]

1. e4 e6 2. d4 b6 3. Nf3 Bb7 4. Bd3 d6 5. O-O Nd7 6. Re1 g6 7. Nc3 Bg7 8. e5
dxe5 9. Nxe5 Ne7 10. Nxf7 Kxf7 11. Rxe6 Nf6 12. Bc4 Ned5 13. Re5 c6 14. Qf3 Rf8
15. Bg5 Kg8 16. Rae1 Rc8 17. Nxd5 Nxd5 18. Qe4 Bf6 19. h4 Bxg5 20. hxg5 Rc7 21.
a4 Rcf7 22. b4 Rf4 23. Qd3 Kh8 24. Bxd5 cxd5 25. R1e3 Rxf2 26. Rh3 Bc8 27. Rhe3
Bf5 28. Qb5 Be4 29. R5xe4 Qxg5 30. g3 Qh5 0-1

[Event "Bunratty Open"]
[Site "Bunratty IRL"]
[Date "2012.02.18"]
[Round "3"]
[White "Baburin, Alexander"]
[Black "Trent, Lawrence"]
[Result "0-1"]
[WhiteTitle "GM"]
[BlackTitle "IM"]
[WhiteElo "2535"]
[BlackElo "2433"]
[WhiteFideId "2500914"]
[BlackFideId "408638"]
[EventDate "2012.02.17"]

1. d4 Nf6 2. Nf3 g6 3. c4 Bg7 4. g3 O-O 5. Bg2 d6 6. O-O c6 7. Nc3 Qb6 8. e4 Bg4
9. b3 Qa5 10. Qd2 Nbd7 11. h3 Bxf3 12. Bxf3 e5 13. d5 cxd5 14. cxd5 Rfc8 15. Bb2
h5 16. Rad1 Kh7 17. Na4 Qxd2 18. Rxd2 Bh6 19. Re2 b5 20. Nc3 Rab8 21. h4 Nc5 22.
Rd1 a5 23. Nb1 b4 24. Nd2 Bxd2 25. Rdxd2 a4 26. bxa4 Nxa4 27. Rc2 Rxc2 28. Rxc2
b3 0-1

[Event "Bunratty Open"]
[Site "Bunratty IRL"]
[Date "2012.02.18"]
[Round "3"]
[White "Arkell, Keith C"]
[Black "Ionescu, Constantin"]
[Result "1/2-1/2"]
[WhiteTitle "GM"]
[BlackTitle "GM"]
[WhiteElo "2429"]
[BlackElo "2444"]
[WhiteFideId "400270"]
[BlackFideId "1200089"]
[EventDate "2012.02.17"]

1. d4 Nf6 2. Nf3 e6 3. c4 c5 4. d5 d6 5. Nc3 exd5 6. cxd5 g6 7. e4 Bg7 8. Bb5+
Bd7 9. Bxd7+ Nbxd7 10. O-O O-O 11. Bf4 Qe7 12. Re1 Ng4 13. Bg5 Bf6 14. Bxf6 Qxf6
15. Qd2 a6 16. a4 c4 17. Qd4 Qxd4 18. Nxd4 Nge5 19. Red1 Rac8 20. a5 Nc5 21. f3
Rc7 22. Na4 Nxa4 23. Rxa4 Nd3 24. Rd2 Rfc8 25. h4 Kg7 26. Kf1 c3 27. bxc3 Rxc3
28. Ke2 Nc1+ 29. Kf2 Kf6 30. Ne2 Rb3 31. Nxc1 Rxc1 32. Kg3 h5 33. Raa2 Ke5 34.
Rab2 Rcc3 35. Re2 f5 36. exf5+ Kxf5 37. Kh3 Rxb2 38. Rxb2 Rc7 39. Re2 Rc5 40.
Re7 Rxd5 41. Rxb7 Rxa5 42. g4+ hxg4+ 43. fxg4+ Ke6 44. Rg7 Kf6 45. Rd7 Ra3+ 46.
Kg2 Rd3 47. Ra7 Ra3 48. Rd7 Ke6 49. Rg7 Kf6 50. Rd7 Ke5 1/2-1/2

[Event "Bunratty Open"]
[Site "Bunratty IRL"]
[Date "2012.02.18"]
[Round "3"]
[White "Berry, Neil"]
[Black "Rendle, Thomas E"]
[Result "1/2-1/2"]
[WhiteTitle "FM"]
[BlackTitle "IM"]
[WhiteElo "2308"]
[BlackElo "2393"]
[WhiteFideId "2400650"]
[BlackFideId "408760"]
[EventDate "2012.02.17"]

1. d4 f5 2. Nf3 Nf6 3. c4 g6 4. g3 Bg7 5. b4 d6 6. Bb2 e5 7. dxe5 Nfd7 8. Bg2
dxe5 9. Qb3 O-O 10. c5+ Kh8 11. O-O Qe7 12. Nc3 c6 13. Nd2 Nf6 14. Rfd1 e4 15.
e3 Be6 16. Qa3 Nbd7 17. Ne2 Bg8 18. h4 Ne5 19. Nf4 Rfd8 20. Bd4 Nd5 21. Nxd5
Rxd5 22. Bf1 a6 23. Qc3 Rad8 24. Be2 Nd3 25. Nb3 Ne5 26. Nd2 R5d7 27. Nb3 Bxb3
28. Qxb3 Nf3+ 29. Bxf3 exf3 30. Qc3 Kg8 31. Rd2 f4 32. Qc4+ Qf7 33. Qxf7+ Kxf7
34. gxf4 Ke6 35. Rad1 Rd5 36. Kh2 Kf5 37. Kg3 Ke4 38. a3 R8d7 39. Kg4 h6 40. Rc1
h5+ 41. Kg3 Bh6 42. Rc4 Bxf4+ 43. exf4 Rxd4 44. Rcxd4+ Rxd4 45. Rxd4+ Kxd4 46.
Kxf3 Kc3 47. f5 gxf5 48. Kf4 Kb3 49. Kxf5 Kxa3 50. f4 Kxb4 51. Kg6 a5 52. f5 a4
53. f6 a3 54. f7 a2 55. f8=Q a1=Q 56. Kxh5 Qd1+ 1/2-1/2

[Event "Bunratty Open"]
[Site "Bunratty IRL"]
[Date "2012.02.18"]
[Round "3"]
[White "Ansell, Simon T"]
[Black "Cooper, Lawrence H"]
[Result "1/2-1/2"]
[WhiteTitle "IM"]
[BlackTitle "IM"]
[WhiteElo "2373"]
[BlackElo "2317"]
[WhiteFideId "402141"]
[BlackFideId "401536"]
[EventDate "2012.02.17"]

1. e4 e5 2. Nf3 d6 3. d4 exd4 4. Nxd4 Nf6 5. Nc3 Be7 6. Be2 O-O 7. O-O a6 8. Re1
c5 9. Nb3 Nc6 10. Bf1 Rb8 11. Bf4 b5 12. a4 bxa4 13. Rxa4 Rb4 14. Rxb4 Nxb4 15.
Nd2 d5 16. Nxd5 Nfxd5 17. exd5 Nxd5 18. Bg3 Nb6 19. Nc4 Qxd1 20. Rxd1 Nxc4 21.
Bxc4 Bf5 22. c3 a5 23. Re1 Bf6 24. Bd6 Rc8 25. Ba6 Rd8 26. Bxc5 h5 27. f3 Rd2
28. Re2 Rd5 29. Be3 Rd1+ 30. Kf2 a4 31. Re1 Rd6 32. Bb5 a3 33. bxa3 Bxc3 34. Rc1
Bf6 35. a4 Bd8 36. Rc5 g6 37. Bc4 Bb6 38. Rd5 Rc6 39. Be2 Bxe3+ 40. Kxe3 Rc3+
41. Kf2 Rc2 42. a5 Be6 43. Rd8+ Kg7 44. Ke3 Bc4 45. Bxc4 Rxc4 46. a6 Ra4 47. Rd6
Ra2 48. h4 Ra4 49. Kd3 Ra2 50. Kc3 Rxg2 51. Rd2 Rg1 52. Ra2 Rc1+ 53. Kd4 Rc8 54.
a7 Ra8 55. Kc5 g5 56. Kb6 Kg6 57. Ra4 gxh4 58. Rxh4 Kg5 59. Ra4 f5 60. Kb7 Rh8
61. a8=Q Rxa8 62. Rxa8 Kf4 63. Kc6 h4 64. Kd5 Kxf3 65. Rh8 Kg3 66. Ke5 h3 67.
Kxf5 h2 68. Rxh2 1/2-1/2

[Event "Bunratty Open"]
[Site "Bunratty IRL"]
[Date "2012.02.18"]
[Round "3"]
[White "Orr, Mark J L"]
[Black "Astaneh Lopez, Alex"]
[Result "1/2-1/2"]
[WhiteTitle "IM"]
[BlackTitle "IM"]
[WhiteElo "2260"]
[BlackElo "2414"]
[WhiteFideId "2500035"]
[BlackFideId "2501430"]
[EventDate "2012.02.17"]

1. d4 Nf6 2. Nf3 g6 3. Bg5 Bg7 4. e3 O-O 5. Be2 c5 6. c3 d6 7. Nbd2 Nbd7 8. O-O
b6 9. a4 Rb8 10. h3 a6 11. b4 h6 12. Bh4 Nd5 13. Qb3 N7f6 14. bxc5 Be6 15. cxd6
Nxe3 16. Qa3 Nf5 17. dxe7 Nxe7 18. Bxa6 Nf5 19. Bxf6 Bxf6 20. Rfe1 Bd5 21. Ne5
Nh4 22. g3 Nf5 23. Nf1 Ba8 24. Qb3 Kg7 25. Ne3 Nd6 26. Bf1 Qc7 27. Nd5 Qb7 28.
Bg2 Rfc8 29. a5 Bxe5 30. dxe5 Nc4 31. Ne3 Qd7 32. Nxc4 Bxg2 33. Kxg2 bxa5 34.
Nb6 Qc6+ 35. Qd5 Rxb6 36. Qxc6 Rcxc6 37. Rxa5 1/2-1/2

[Event "Bunratty Open"]
[Site "Bunratty IRL"]
[Date "2012.02.18"]
[Round "3"]
[White "Quinn, Mark"]
[Black "Cafolla, Peter"]
[Result "1-0"]
[WhiteTitle "IM"]
[WhiteElo "2398"]
[BlackElo "2021"]
[WhiteFideId "2500450"]
[BlackFideId "2500884"]
[EventDate "2012.02.17"]

1. d4 d5 2. c4 e6 3. Nc3 c5 4. cxd5 exd5 5. Nf3 Nc6 6. Bg5 Be7 7. Bxe7 Ngxe7 8.
dxc5 d4 9. Ne4 O-O 10. g3 Qd5 11. Ned2 Qxc5 12. a3 a5 13. Bg2 Be6 14. O-O Qb5
15. a4 Qb4 16. Ne1 Rad8 17. Nd3 Qb6 18. Rc1 Bd5 19. Bxd5 Rxd5 20. Nc4 Qa7 21.
Qb3 Rfd8 22. Rfd1 Ng6 23. Nb6 R5d6 24. Rc5 Re6 25. Rb5 Nb4 26. Nxb4 Rxb6 27. Nd3
Rxb5 28. Qxb5 b6 29. Rc1 Kf8 30. Rc6 Re8 31. Rxb6 Qe7 32. Rb8 Qxe2 33. Rxe8+
Qxe8 34. Qxa5 Qd7 35. Qb4+ Ke8 36. a5 Qg4 37. a6 Kd8 38. a7 Qf3 39. Qb8+ 1-0

[Event "Bunratty Open"]
[Site "Bunratty IRL"]
[Date "2012.02.18"]
[Round "3"]
[White "O'Connor, Jonathan"]
[Black "Donaldson, John W"]
[Result "0-1"]
[BlackTitle "IM"]
[WhiteElo "2116"]
[BlackElo "2390"]
[WhiteFideId "2501112"]
[BlackFideId "2000709"]
[EventDate "2012.02.17"]

1. e4 c5 2. Nc3 Nc6 3. Bb5 Nd4 4. Bc4 g6 5. Nf3 Bg7 6. Nxd4 cxd4 7. Qf3 Nh6 8.
d3 O-O 9. Ne2 Ng4 10. Qg3 d6 11. Bb3 a5 12. a4 Qb6 13. O-O Bd7 14. h3 Nf6 15. f4
e6 16. Bd2 Qc5 17. Rf3 b5 18. axb5 Bxb5 19. Bxa5 Nxe4 20. Qe1 Nf6 21. Kh2 Bc6
22. Rf1 Bd5 23. Bxd5 Nxd5 24. Qd2 Ne3 25. Rfc1 Qd5 0-1

[Event "Bunratty Open"]
[Site "Bunratty IRL"]
[Date "2012.02.18"]
[Round "3"]
[White "Pein, Malcolm"]
[Black "Short, Philip M"]
[Result "1-0"]
[WhiteTitle "IM"]
[BlackTitle "FM"]
[WhiteElo "2382"]
[BlackElo "2282"]
[WhiteFideId "400289"]
[BlackFideId "2500086"]
[EventDate "2012.02.17"]

1. Nf3 Nf6 2. d4 g6 3. c4 Bg7 4. Nc3 O-O 5. e4 d6 6. Be2 e5 7. O-O Nc6 8. d5 Ne7
9. b4 Ne8 10. c5 h6 11. Nd2 f5 12. f3 f4 13. a4 g5 14. Ba3 h5 15. b5 Rf7 16. Nc4
Ng6 17. b6 axb6 18. cxb6 Bf8 19. bxc7 Nxc7 20. Rb1 Rb8 21. Nb6 Na8 22. Nxc8 Rxc8
23. Qb3 Nc7 24. Rfc1 Ne8 25. Nd1 Rfc7 26. Rxc7 Rxc7 27. Qb6 Be7 28. Nf2 Qc8 29.
Rd1 Nf8 30. Bb5 Nd7 31. Qa5 Nef6 32. Qd2 Rc2 33. Rc1 Rxc1+ 34. Qxc1 1-0

[Event "Bunratty Open"]
[Site "Bunratty IRL"]
[Date "2012.02.18"]
[Round "3"]
[White "Griffiths, Ryan Rhys"]
[Black "Courtney, John"]
[Result "1-0"]
[WhiteTitle "FM"]
[WhiteElo "2310"]
[BlackElo "2132"]
[WhiteFideId "2502054"]
[BlackFideId "2502380"]
[EventDate "2012.02.17"]

1. e4 c5 2. Nf3 d6 3. d4 cxd4 4. Nxd4 Nf6 5. Nc3 a6 6. Be3 e6 7. f3 Be7 8. Qd2
Nc6 9. O-O-O O-O 10. g4 Nd7 11. Kb1 Nxd4 12. Bxd4 b5 13. Qf2 b4 14. Na4 Qa5 15.
b3 Nc5 16. Nxc5 dxc5 17. Bb2 Rd8 18. Bd3 Qc7 19. f4 a5 20. g5 Ba6 21. f5 c4 22.
bxc4 Bxc4 23. f6 Bf8 24. h4 a4 25. Bxc4 Rxd1+ 26. Rxd1 Qxc4 27. Rd4 Qb5 28. Rd3
Qc4 29. fxg7 Bxg7 30. Bxg7 Kxg7 31. Qf6+ Kg8 32. Rf3 Qc7 33. h5 Rc8 34. Rf2 b3
35. axb3 axb3 36. h6 Kf8 37. Qg7+ Ke8 38. Qg8+ Ke7 39. Qxf7+ Kd6 40. Rd2+ Ke5
41. Qf6+ Kxe4 42. Re2+ Kd5 43. Qxe6+ 1-0

[Event "Bunratty Open"]
[Site "Bunratty IRL"]
[Date "2012.02.18"]
[Round "3"]
[White "Moran, Stephen"]
[Black "Fitzsimons, David"]
[Result "0-1"]
[WhiteElo "2016"]
[BlackElo "2260"]
[WhiteFideId "2501872"]
[BlackFideId "2501961"]
[EventDate "2012.02.17"]

1. d4 Nf6 2. c4 c5 3. d5 b5 4. cxb5 a6 5. bxa6 g6 6. Nc3 Bxa6 7. g3 d6 8. Bg2
Bg7 9. Nf3 Nbd7 10. O-O Nb6 11. Re1 O-O 12. e4 Nfd7 13. Qc2 Nc4 14. Rd1 Qa5 15.
Bf1 Rfb8 16. Bxc4 Bxc4 17. Bd2 Qa6 18. Be1 Bxc3 19. Bxc3 Be2 20. Ng5 Bxd1 21.
Qxd1 h6 22. Nh3 Qc4 23. Qd2 Kh7 24. Qf4 f6 25. Bd2 Ne5 26. Qxh6+ Kg8 27. Nf4
Qxe4 28. Ne6 Nf3+ 29. Kf1 Nxd2+ 30. Kg1 Nf3+ 31. Kf1 Kf7 32. Qh7+ Ke8 33. Nc7+
Kd7 34. Nxa8 Rxb2 35. Qh3+ f5 36. Qg2 Qe2# 0-1

[Event "Bunratty Open"]
[Site "Bunratty IRL"]
[Date "2012.02.18"]
[Round "3"]
[White "Regan, Natasha K"]
[Black "Maroroa, Sue"]
[Result "1/2-1/2"]
[WhiteTitle "WIM"]
[BlackTitle "WIM"]
[WhiteElo "2096"]
[BlackElo "2020"]
[WhiteFideId "403067"]
[BlackFideId "4301498"]
[EventDate "2012.02.17"]

1. e4 e5 2. f4 exf4 3. Bc4 Ne7 4. Nc3 c6 5. d4 Ng6 6. Nf3 Bb4 7. O-O O-O 8. Bd3
d5 9. e5 Bg4 10. Ne2 Qb6 11. Kh1 Be7 12. c3 c5 13. dxc5 Qxc5 14. b4 Qc6 15. Qc2
Nd7 16. Nfd4 Qc7 17. Nxf4 Ndxe5 18. Nxd5 Qd7 19. Nxe7+ Qxe7 20. Be4 Rac8 21. Be3
Nc4 22. Bg1 Nd6 23. Bd3 Qc7 24. Rac1 a6 25. c4 1/2-1/2